Prehľad spôsobov obrábania keramických materiálov
Gespeichert in:
| 1. Verfasser: | |
|---|---|
| Weitere Verfasser: | |
| Format: | Manuskript Buch |
| Sprache: | Slowakisch |
| Veröffentlicht: |
2018
|
| Schlagworte: | |
| Online-Zugang: | http://is.stuba.sk/zp/portal_zp.pl?podrobnosti=146366 |
| Tags: |
Keine Tags, Fügen Sie das erste Tag hinzu!
|
MARC
| LEADER | 00000ntm a22000003a 4500 | ||
|---|---|---|---|
| 001 | stuzp67999 | ||
| 003 | SK-STU | ||
| 005 | 20180820155728.6 | ||
| 007 | ta | ||
| 008 | 150427s2015----xo-----f-mn---000-0-slo-d | ||
| 040 | |a STU |b slo | ||
| 041 | 0 | |a slo | |
| 100 | 1 | |a Galko, Frederik |u 063000 |4 aut |U MTF Materiálovotechnologická fakulta |T MTF Ústav výrobných technológií |X 80395 |U M3000 |Y 83 |7 80395 | |
| 242 | 0 | 1 | |a Overview of methods of machining ceramic materials |y eng |
| 245 | 1 | 0 | |a Prehľad spôsobov obrábania keramických materiálov |
| 260 | |c 2018 | ||
| 650 | 4 | |a keramika |2 slo | |
| 650 | 4 | |a ultrazvuk |2 slo | |
| 650 | 4 | |a supravodiče |2 slo | |
| 650 | 4 | |a CAM |2 slo | |
| 650 | 4 | |a piezoefekt |2 slo | |
| 650 | 4 | |a spekanie |2 slo | |
| 650 | 4 | |a radiálna hĺbka rezu |2 slo | |
| 650 | 4 | |a axiálna hĺbka rezu |2 slo | |
| 650 | 4 | |a ceramics |2 eng | |
| 650 | 4 | |a ultrasonic |2 eng | |
| 650 | 4 | |a superconductors |2 eng | |
| 650 | 4 | |a CAM |2 eng | |
| 650 | 4 | |a piezoeffect |2 eng | |
| 650 | 4 | |a sintering |2 eng | |
| 650 | 4 | |a radial depth of cut |2 eng | |
| 650 | 4 | |a axial depth of cut |2 eng | |
| 700 | 1 | |a Kuruc, Marcel |u 063800 |k Z1 |4 ths |U MTF Ústav výrobných technológií |T MTF Katedra výrobných systémov, metrológie a montáže |X 48583 |U M3800 |Y 660 |7 A000048583 | |
| 856 | 4 | |u http://is.stuba.sk/zp/portal_zp.pl?podrobnosti=146366 | |
| 996 | |c M* BP-8353 |l MMSKP |s P |a 0 |w stuzp67999_0001 | ||